000
00331nam a2200157Ia 4500
003
RNL
008
090707b ii f a fnsan d
040
_a
eng
100
_a
Nanak Singh
_9
19990
245
_a
Pavitar papi
260
_a
Amtirsar
260
_b
Lok Sahit Prakashan
260
_c
2003
300
_a
167p.
942
_c
BK
999
_c
17200
_d
17200